San Antonio Airport Destinations - Statistics

General Stats
  • This quiz has been taken 328 times
    15 since last reset
  • The average score is 42 of 47
Answer Stats
Hint Airlines Answer % Correct
United States Delta, Southwest, Frontier Atlanta (GA)
100%
United States Southwest Baltimore (MD)
100%
United States Delta Boston (MA)
100%
Mexico Southwest, Sun Country Cancun (QR)
100%
United States American Charlotte (NC)
100%
United States Southwest Chicago (Midway) (IL)
100%
United States American, United Chicago (O'Hare) (IL)
100%
United States American Dallas/Fort Worth (TX)
100%
United States Southwest Dallas (Love) (TX)
100%
United States United, Southwest, Frontier Denver (CO)
100%
United States United Houston (Bush) (TX)
100%
United States Southwest Houston (Hobby) (TX)
100%
United States Southwest, Frontier Las Vegas (NV)
100%
United States American, Delta, Southwest Los Angeles (CA)
100%
United States American Miami (FL)
100%
United States United Newark (NJ)
100%
United States Southwest New Orleans (LA)
100%
United States Delta New York City (JFK) (NY)
100%
United States Southwest, Spirit, Frontier Orlando (FL)
100%
United States Southwest San Diego (CA)
100%
United States United San Francisco (CA)
100%
United States Alaska Seattle (WA)
100%
United States Southwest Tampa (FL)
100%
United States United Washington (Dulles) (D.C./VA)
100%
United States American Washington (National) (D.C./VA)
100%
United States Southwest Albuquerque (NM)
92%
United States Delta Detroit (MI)
92%
United States Southwest El Paso (TX)
92%
Mexico Volaris Guadalajara (JA)
92%
United States Southwest Kansas City (MO)
92%
Mexico Aeromexico, Volaris, VivaAerobus Mexico City (D.F.)
92%
Mexico VivaAerobus Monterrey (NL)
92%
United States Southwest Nashville (TN)
92%
United States American Philadelphia (PA)
92%
United States American, Southwest, Frontier Phoenix (AZ)
92%
United States Delta Salt Lake City (UT)
92%
Canada Air Canada Toronto (ON)
92%
United States Delta, Sun Country Minneapolis/St. Paul (MN)
85%
United States Southwest St. Louis (MO)
77%
United States Southwest Colorado Springs (CO)
69%
United States Southwest Burbank (CA)
62%
United States Southwest, Spirit Fort Lauderdale (FL)
62%
Mexico VivaAerobus Leon/Del Bajio (GT)
54%
Mexico VivaAerobus Torreon/Gomez Palacio (CO/CU)
54%
Mexico Volaris Morelia (MC)
38%
Mexico VivaAerobus Queretaro (QT)
38%
Mexico Volaris San Luis Potosi (SLP)
38%
No matching quizzes found
Score Distribution
Percent of People with Each Score
Percentile by Number Answered
Your Score History
You have not taken this quiz since the last reset